Responses for show #2620 - Friday, January 12, 1996

Barbara Walker game 3.

Contestants

[<< previous game]

Joel Silbert, a psychologist from Ardsley, New York

Luis Gutierrez, a health care consultant from Bethesda, Maryland

Barbara Walker, an elementary school principal from Westminster, Maryland (whose 2-day cash winnings total $19,800)

[next game >>]

Jeopardy! Round responses

LET'S DANCE
(Alex: See if you can figure out a theme.)
FLYING
DOWN TO RIO
EASTER PARADE
ROYAL WEDDING
THREE LITTLE WORDS
(Alex: There is a theme there.)
    $100 6
Mexico

Joel
    $100 16
the Concorde

Barbara
    $100 21
futbol (soccer)

Luis
    $100 26
Passover

Barbara
    $100 1
Grace Kelly

Barbara
    $100 9
put on ice

Joel
    $200 7
Copenhagen

Luis
    $200 17
(Joel: What is the "Blue Spruce"?)

the "Spruce Goose"

LuisJoel
    $200 22
Carnaval

Luis
    $200 27
Fifth Avenue

Joel
    $200 2
Sarah Ferguson

Luis
    $200 10
by the way

Joel
    $300 8
the jig

Joel
    $300 18
a Space Shuttle

Luis
    $300 23
Carmen Miranda

Barbara
    $300 28
spring

Barbara
    $300 3
Japan

Barbara
    $300 11
hit the hay

Barbara
    $400 14
Rudolph Valentino

Joel
    $400 19
MiG

Luis
    $400 24
Copacabana

Joel
    $400 29
a moveable feast

Joel
    $400 4
Diana Spencer (Princess Diana)

Barbara
    $400 12
top the bill

Triple Stumper
    $500 15
(Barbara: Who were the Murrays?)

Vernon & Irene Castle

Barbara
Triple Stumper
    $500 20
vertical takeoff and landing

Luis
    $500 25
the Sugarloaf

Joel
    $500 30
a Passion play

Barbara
    $500 5
Amman, Jordan

Barbara
    $500 13
cut a rug

Barbara

Scores at the first commercial break (after clue 15):

Barbara Luis Joel
$1,600 $400 $1,100

Scores at the end of the Jeopardy! Round:

Barbara Luis Joel
$2,900 $2,100 $2,400

Double Jeopardy! Round responses

U.S. HISTORY
WINE
WORLD GEOGRAPHY
LITERATURE
LAW
ELIZABETH TAYLOR FILMS
    $200 14
the Maine

Barbara
    $200 2
Switzerland

Luis
    $200 1
Brussels

Joel
    $200 4
Vladimir Nabokov

Barbara
    $200 19
a will

Barbara
    $200 20
Giant

Barbara
    $400 15
"America" (or "My Country, 'Tis Of Thee")

Barbara
    $400 3
Champagne

Barbara
    $400 6
the Adriatic

Luis
    $400 5
P.G. Wodehouse

Joel
    $400 25
Eyewitness

Luis
    $2,500 21
Carl "Alfalfa" Schweitzer

Barbara
    $600 16
the Oregon Trail

Barbara
    $600 10
Luxembourg

Barbara
    $600 7
the Pacific

Luis
    $1,000 11
The Prince and the Pauper

Barbara
    $600 26
(Luis: What is...)

extinguish

Luis
Triple Stumper
    $600 22
Little Women

Joel
    $800 17
Governor of New York

Joel
    $800 23
(Joel: What is riesling?)
(Luis: What is gewurztraminer?)
(Barbara: What is Rhine wine?)

Liebfraumilch

BarbaraLuisJoel
Triple Stumper
    $800 8
the Apennines

Triple Stumper
    $800 12
the Scarlet Pimpernel

Triple Stumper
    $800 29
(Luis: What is Kiss Me, Kate?)
...
(Alex: That was the play it was based on.)
[The end-of-round signal sounds.]

The Taming of the Shrew

LuisJoel
    $1000 18
Cherokee

Luis
    $1000 24
(Alex: We've got a minute to go.)

sherry

Joel
    $1000 9
10

Joel
    $1000 13
Siddhartha

Barbara
    $1000 27
insanity

Barbara
    $1000 28
X, Y & Zee

Triple Stumper

Scores at the end of the Double Jeopardy! Round:

Barbara Luis Joel
$10,400 $2,500 $6,400

[wagering suggestions for these scores]

Final Jeopardy! Round responses

STATE CAPITALS
LuisWhat is Baton Rouge
$2,399
JoelWhat is Topeka
$6,300
BarbaraWhat is Albany?
$2,500
Madison, Wisconsin

Final scores:

Barbara Luis Joel
$7,900 $101 $100
3-day champion: $27,700 2nd place: Berkline Sofa & Recliner 3rd place: Artisan House Lighted Pedestals

Game dynamics:

Coryat scores:

Barbara Luis Joel
$7,900 $2,500 $6,400
23 R
(including 3 DDs),
2 W
13 R,
3 W
16 R,
2 W

Combined Coryat: $16,800

The J! Archive is created by fans, for fans. The Jeopardy! game show and all elements thereof, including but not limited to copyright and trademark thereto, are the property of Jeopardy Productions, Inc. and are protected under law. This website is not affiliated with, sponsored by, or operated by Jeopardy Productions, Inc. Join the discussion at JBoard.tv.